Building Services Journal (Record no. 118653)

MARC details
000 -LEADER
fixed length control field 00771cas a22002535a 4500
001 - CONTROL NUMBER
control field L53
008 - FIXED-LENGTH DATA ELEMENTS--GENERAL INFORMATION
fixed length control field 070703c1996 xxkmr p 0 a0eng
022 1# - INTERNATIONAL STANDARD SERIAL NUMBER
International Standard Serial Number 1365-5671
035 ## - SYSTEM CONTROL NUMBER
System control number (Sirsi) u99099
041 0# - LANGUAGE CODE
Language code of text/sound track or separate title eng
110 2# - MAIN ENTRY--CORPORATE NAME
Corporate name or jurisdiction name as entry element Chartered Institution of Building Services Engineers
9 (RLIN) 2360
240 10 - UNIFORM TITLE
Uniform title BSJ
-- Building Services Journal
-- the Magazine of CIBSE
245 00 - TITLE STATEMENT
Title Building Services Journal
Remainder of title the Magazine of CIBSE
260 ## - PUBLICATION, DISTRIBUTION, ETC.
Place of publication, distribution, etc. London
Name of publisher, distributor, etc. CMP
Date of publication, distribution, etc. 1996-
510 2# - CITATION/REFERENCES NOTE
Name of source Knowledge Alert
Location within source 2006-
520 ## - SUMMARY, ETC.
Summary, etc. Kept for five years
554 ## -
-- 12 per year
651 #4 - SUBJECT ADDED ENTRY--GEOGRAPHIC NAME
Geographic name United Kingdom
Chronological subdivision
690 ## - LOCAL SUBJECT ADDED ENTRY--TOPICAL TERM (OCLC, RLIN)
Topical term or geographic name as entry element Block management
9 (RLIN) 6220
780 00 - PRECEDING ENTRY
Title Building Services
780 00 - PRECEDING ENTRY
Title The Building Services Engineer and Electrical Design
942 ## - ADDED ENTRY ELEMENTS (KOHA)
Suppress in OPAC 0
948 ## - LOCAL PROCESSING INFORMATION (OCLC); SERIES PART DESIGNATOR (RLIN)
c (OCLC) 04/02/1994
Holdings
Withdrawn status Lost status Source of classification or shelving scheme Damaged status Not for loan Home library Current library Shelving location Date acquired Total Checkouts Full call number Barcode Date last seen Price effective from Koha item type
    Other/Generic Classification Scheme     London London Gallery 16/01/2007   BUILDING SERVICES JOURNAL... 99099-1001 06/08/2019 06/08/2019 Journal